| 000 | 00536nam a2200181Ia 4500 | ||
|---|---|---|---|
| 008 | 240925s9999 xx 000 0 und d | ||
| 020 | _a9788131501122 | ||
| 082 | _a005.133 FOR | ||
| 100 | _aForouzan, Behrouz A; Gilberg, Richard F. | ||
| 245 | 0 | _aComputer Science: a structured approach using C++ | |
| 250 | _a1st | ||
| 260 |
_aNew Delhi: _bCengage Learning _c,2004. |
||
| 300 |
_a243p. _b0 _fNA |
||
| 500 | _aIncludes Index | ||
| 600 | _aComputer Science | ||
| 650 | _aComputer science, information & general works | ||
| 942 | _cBK | ||
| 999 |
_c13161 _d13161 |
||